Catálogo
Digital

Catálogo
Digital

Metodología enfoques metodológicos (Record no. 14372)

MARC details
000 -CABECERA
campo de control de longitud fija 01090nam a2200301 4500
003 - IDENTIFICADOR DEL NÚMERO DE CONTROL
campo de control EC-UNACH
005 - FECHA Y HORA DE LA ÚLTIMA TRANSACCIÓN
campo de control 20260304145412.0
006 - CÓDIGOS DE INFORMACIÓN DE LONGITUD FIJA--CARACTERÍSTICAS DEL MATERIAL ADICIONAL
campo de control de longitud fija s||||gr|||| 00| 00
008 - DATOS DE LONGITUD FIJA--INFORMACIÓN GENERAL
campo de control de longitud fija 150116t9999 mx r gr 000 0 spa d
020 ## - NÚMERO INTERNACIONAL ESTÁNDAR DEL LIBRO
Número Internacional Estándar del Libro 9789803410032
040 ## - FUENTE DE LA CATALOGACIÓN
Centro catalogador/agencia de origen EC-UNACH
Centro/agencia transcriptor EC-UNACH
041 ## - CÓDIGO DE LENGUA
Código de lengua del texto/banda sonora o título independiente spa
082 04 - NÚMERO DE LA CLASIFICACIÓN DECIMAL DEWEY
Número de edición 23
Número de clasificación 001.42
Número de documento/Ítem L018608
110 ## - ENTRADA PRINCIPAL--NOMBRE DE ENTIDAD CORPORATIVA
Nombre de entidad corporativa o nombre de jurisdicción como elemento de entrada Euroamericana
245 ## - MENCIÓN DE TÍTULO
Título Metodología enfoques metodológicos
250 ## - MENCIÓN DE EDICIÓN
Mención de edición S/N
264 ## - Producción, publicación, distribución, fabricación y copyright
Lugar de producción, publicación, distribución, fabricación Venezuela
Nombre del de productor, editor, distribuidor, fabricante Euroamericana
Fecha de de producción, publicación, distribución, fabricación o copyright 2017
300 ## - DESCRIPCIÓN FÍSICA
Extensión 299 paginas
505 ## - NOTA DE CONTENIDO CON FORMATO
Nota de contenido con formato -Ciencia método de investigación<br/>-Como elaborar el titulo de un trabajo<br/>-Como elaborar la introducción<br/>-Como formular un problema<br/>-Objetivos de la investigación<br/>- Estudios explicativos o descriptivos<br/>- Antecedentes de la investigación<br/>-Bases teóricas<br/>- Marco teórico <br/>- Construcción del marco teórico
650 ## - PUNTO DE ACCESO ADICIONAL DE MATERIA--TÉRMINO DE MATERIA
Término de materia o nombre geográfico como elemento inicial METODO
650 ## - PUNTO DE ACCESO ADICIONAL DE MATERIA--TÉRMINO DE MATERIA
Término de materia o nombre geográfico como elemento inicial INVESTIGACIÓN
650 ## - PUNTO DE ACCESO ADICIONAL DE MATERIA--TÉRMINO DE MATERIA
Término de materia o nombre geográfico como elemento inicial ANTECEDENTES
700 ## - PUNTO DE ACCESO ADICIONAL--NOMBRE DE PERSONA
Nombre de persona Dr Lombardo Pérez Salas
942 ## - ELEMENTOS DE PUNTO DE ACCESO ADICIONAL (KOHA)
Fuente del sistema de clasificación o colocación Clasificación Decimal Dewey
Tipo de ítem Koha Libros
999 ## - NÚMEROS DE CONTROL DE SISTEMA (KOHA)
Koha biblionumber 14372
Holdings
Estado de pérdida Fuente del sistema de clasificación o colocación Estado dañado No para préstamo Localización permanente Ubicación/localización actual Ubicación en estantería Fecha de adquisición Número de inventario Total de préstamos Signatura topográfica completa Código de barras Fecha visto por última vez Precio válido a partir de Tipo de ítem Koha Centro de costos
  Clasificación Decimal Dewey     Biblioteca Campus Sur Biblioteca Campus Sur Educación Básica 04/03/2026 317694   001.42 PER L018608 L018608 04/03/2026 04/03/2026 Libros  

Powered by Koha